000 00816nam a2200205 4500
008 201207b ||||| |||| 00| 0 eng d
040 _bger
_cDE-2950
_erda
_aDE-2950
041 _ager
245 _aGregor von Brück, Martin Luther und der konservative Protestantismus in Brandenburg /
_cInes Jäger
264 _c2023
490 _aDie Mark Brandenburg
_vHeft 130: Konservative Mark
653 _aBrandenburg <Land>
653 _a Brück, Gregor; Jurist, Kanzler, 1483-1557
653 _aLuther, Martin; Reformator, Theologe, Komponist, Übersetzer, Schriftsteller, 1483-1546
773 _dBerlin: Die Mark Brandenburg - Verlag für Regional- und Zeitgeschichte
_g(2023) Heft 130, S. 12-15: Abb.
_tDie Mark Brandenburg
942 _cA
999 _c373088
_d373088